Clubes con más finales de UEFA Europa League - Estadísticas

Estadísticas generales
  • Esta prueba ha sido intentada 201 veces
    184 desde el último reinicio
  • La puntuación promedio es 10 de 19
Estadísticas de respuestas
Finales disputadas Campeón Subcampeón Última vez Equipo % Correcto
5 5 0 2016 Sevilla
92%
2 2 0 2012 Atlético Madrid
83%
4 3 1 2016 Liverpool
78%
2 2 0 1986 Real Madrid
78%
4 3 1 1998 FC Internazionale
76%
4 3 1 1995 Juventus
72%
3 0 3 2014 Benfica
63%
2 2 0 2011 Porto
63%
2 1 1 2017 Ajax
61%
2 0 2 2012 Athletic Bilbao
51%
2 0 2 2004 Olympique de Marsella
50%
3 2 1 1984 Tottenham
45%
2 0 2 2002 Borussia Dortmund
44%
2 2 0 2002 Feyenoord
35%
2 2 0 1999 Parma
30%
2 0 2 2007 RCD Espanyol
28%
4 2 2 1980 Borussia Mönchengladbach
22%
2 1 1 1984 Anderlecht
21%
2 2 0 1987 IFK Göteborg
11%
No se encontraron pruebas coincidentes
Distribución de puntuación
Porcentaje de gente con cada puntuación
Porcentaje por número respondido
Historial de tus puntuaciones
No has intentado esta prueba desde el último reinicio